Contemporary topics 1 : (Record no. 21225)

000 -LEADER
fixed length control field 00778cam a2200241 a 4500
020 ## - INTERNATIONAL STANDARD BOOK NUMBER
ISBN 0130948535 (pbk. : alk. paper)
040 ## - CATALOGING SOURCE
Transcribing agency DLC
082 00 - DEWEY DECIMAL CLASSIFICATION NUMBER
Classification number 428 CON 2002 C275 Or.
100 1# - MAIN ENTRY--AUTHOR NAME
Personal name Solórzano, Helen Sophia.
245 10 - TITLE STATEMENT
Title Contemporary topics 1 :
Remainder of title intermediate listening and note-taking skills /
246 3# - VARYING FORM OF TITLE
Title proper/short title Contemporary topics one
246 30 - VARYING FORM OF TITLE
Title proper/short title Intermediate listening and note-taking skills
250 ## - EDITION STATEMENT
Edition statement 2nd ed.
260 ## - PUBLICATION, DISTRIBUTION, ETC. (IMPRINT)
Place of publication [New York] :
Name of publisher Longman,
Year of publication 2002.
300 ## - PHYSICAL DESCRIPTION
Number of Pages xi, 110 p. :
Other physical details ill. ;
Dimensions 28 cm.
500 ## - GENERAL NOTE
General note Rev. ed. of: Introductory topics--intermediate listening comprehension. c1995.
650 #0 - SUBJECT ADDED ENTRY--TOPICAL TERM
Topical Term English language
650 #0 - SUBJECT ADDED ENTRY--TOPICAL TERM
Topical Term English language
650 #0 - SUBJECT ADDED ENTRY--TOPICAL TERM
Topical Term Note-taking
650 #0 - SUBJECT ADDED ENTRY--TOPICAL TERM
Topical Term Listening
700 1# - ADDED ENTRY--PERSONAL NAME
Personal name Frazier, Laurie.
942 ## - ADDED ENTRY ELEMENTS (KOHA)
Koha item type ADB
952 ## - LOCATION AND ITEM INFORMATION (KOHA)
Withdrawn status [LOCAL, KOHA] 0
Holdings
Permanent Location Date acquired Koha item type Lost status Shelving location Barcode Current Location Full call number
Library Block C2023-03-29ADB C275a071716Library Block C428 CON 2002 C275 Or.
មជ្ឈមណ្ឌលឯការនៃសាកលវិទ្យាល័យភូមិន្ទកសិកម្មចំការដូង

Powered by Koha